Načítá se...

The Monsoons

Podrobná bibliografie
Hlavní autor: Das, P K
Médium: Printed Book
Vydáno: New Delhi, National Book Trust,India 1988
Vydání:Ed.2
Edice:India-The land and the people
Témata:
LEADER 004850000a22001690004500
082 |a 551.518 4 M8 
100 |a Das, P K 
245 |a The Monsoons 
250 |a Ed.2 
260 |a New Delhi, National Book Trust,India 
260 |c 1988 
465 |a R 18 
490 |a India-The land and the people 
650 |a India 
942 |c BK 
999 |c 5411  |d 5411 
952 |0 0  |1 0  |4 0  |6 551_518000000000000_4_M8  |7 0  |8 ENG  |9 5203  |a MGUL  |b MGUL  |d 2013-07-16  |e R 18  |l 0  |o 551.518 4 M8  |p 11256  |r 2019-03-26  |w 2013-07-16  |y BK